Procesos económico-administrativos en agencias de viajes (Registro nro. 13748)
[ vista simple ]
| 000 -Cabecera | |
|---|---|
| Campo de control de longitud fija | 00874nam a22003377a 4500 |
| 005 - Fecha y hora de la última transacción | |
| Campo de control | 20251017122811.0 |
| 008 - Elementos de longitud fija--Información general | |
| Campo de control de longitud fija | 250404b2020 |||||||| |||| 00| 0 spa d |
| 020 ## - International Standard Book Number | |
| Número Internacional Estándar del Libro (ISBN) | 9788428342858 |
| 041 ## - Idioma | |
| Código de idioma | Español |
| 082 ## - Clasificación Decimal Dewey | |
| Número de clasificación | 1.3.1 M828p |
| 100 ## - Entrada principal--Autor personal | |
| Nombre personal | Morales Caraballo, María Gema |
| 245 ## - Título propiamente dicho | |
| Título | Procesos económico-administrativos en agencias de viajes |
| 260 ## - Pie de imprenta | |
| Lugar de publicación, distribución, etc. | España |
| 260 ## - Pie de imprenta | |
| Nombre del editor, distribuidor, etc. | Paraninfo |
| 260 ## - Pie de imprenta | |
| Fecha de publicación, distribución, etc. | 2020 |
| 300 ## - Descripción física | |
| Extensión | 226 páginas |
| 300 ## - Descripción física | |
| Otras características físicas | Ilustraciones a color |
| 650 ## - Materia general | |
| Temática (materia general) | ADMINISTRACIÓN DE AGENCIAS DE VIAJES |
| 650 ## - Materia general | |
| Temática (materia general) | AGENCIAS DE VIAJE |
| 650 ## - Materia general | |
| Temática (materia general) | CONTABILIDAD |
| 650 ## - Materia general | |
| Temática (materia general) | PATRIMONIO |
| 650 ## - Materia general | |
| Temática (materia general) | PORCESO CONTABLE |
| 650 ## - Materia general | |
| Temática (materia general) | TESORERÍA |
| 650 ## - Materia general | |
| Temática (materia general) | AMORTIZACIONES |
| 650 ## - Materia general | |
| Temática (materia general) | ESTADÍSTICAS |
| 650 ## - Materia general | |
| Temática (materia general) | INVENTARIOS |
| 650 ## - Materia general | |
| Temática (materia general) | GESTIÓN DE TESORERÍA |
| 650 ## - Materia general | |
| Temática (materia general) | CLIENTES |
| 942 ## - Punto de acceso adicional KOHA | |
| Fuente del sistema de clasificación o colocación | Dewey Decimal Classification |
| Tipo de ítem KOHA | Libro |
| Signatura completa | Código de barras | Programa Académico | Tipo de ítem |
|---|---|---|---|
| 1.3.1 M828p | 25951 | Turismo | Libro |
| 1.3.1 M828p | 25952 | Turismo | Libro |